Chaine de mots : Pokemon - Statistiques

Statistiques générales
  • Ce quiz a été pris 92 fois
  • Le résultat moyen est 14 sur 20
Statistiques - réponses
Hint Réponse % Correct
Ville d'origine de Sacha Bourg palette
99%
Pokémon pouvant évoluer en plusieurs forme Evoli
89%
Personnage mystérieux et roi de l’équipe Plasma dans Pokémon Noir et Blanc N
83%
Poké ball 2 fois plus efficace de la pokéball classique Hyper ball
80%
Chauve souris présente dans les grottes Nosferapti
79%
Nom de la championne de type eau à Kanto Ondine
79%
Région de la 4ème génération Sinnoh
76%
Ville des jeux X/Y représentant Paris Illumis
75%
Ville hantée de Kanto, célèbre pour sa tour Pokémon et sa musique inquiétante Lavanville
69%
Talent de pokémon faisant baissé l'attaque des pokemon adverses Intimidation
68%
Nom d'un des jeux de la deuxième génération Or
68%
Personnage principal du premier jeu pokémon et considéré comme le meilleur dresseur Red
68%
Pokémon combat / acier très populaire qui a accès à la méga évolution Lucario
65%
Nom du rival de Red dans la version française Régis
65%
Pokemon de type Dragon / Combat de la 7G Ekaiser
63%
Pokémon légendaire de la 7G Solgaleo
62%
Ultra Chimère de type Ténèbres / Dragon Engloutyran
59%
Rival dans les jeux Epée et Bouclier Nabil
54%
Jeu sorti en 2022 se déroulant à Hisui Legends arceus
42%
Entreprise créatrice de la Master Ball à Kanto et attaqué par la Team Rocket Sylphe sarl
41%
Aucun quiz correspondant
Distribution des résultats
% des personnes avec chaque résultat
Percentile par nombre de réponses
Votre historique - résultats
Vous n’avez pas pris ce quiz